Programas del Departamento de Arte (Record no. 1856)

MARC details
000 -LEADER
campo de control de longitud fija 00431nam a2200121 4500
008 - DATOS DE LONGITUD FIJA--INFORMACIÓN GENERAL
campo de control de longitud fija 707.1 P964pix
082 ## - NÚMERO DE LA CLASIFICACIÓN DECIMAL DEWEY
Número de clasificación 707.1
Número de ítem P964pix
110 ## - ENTRADA PRINCIPAL--NOMBRE DE ENTIDAD CORPORATIVA
Nombre de entidad corporativa o nombre de jurisdicción como elemento de entrada Universidad Torcuato Di Tella
9 (RLIN) 5709
245 ## - MENCIÓN DEL TÍTULO
Título Programas del Departamento de Arte
260 ## - PUBLICACIÓN, DISTRIBUCIÓN, ETC.
Lugar de publicación, distribución, etc. Argentina
Nombre del editor, distribuidor, etc. Universidad Torcuato Di Tella
Fecha de publicación, distribución, etc. 2018
300 ## - DESCRIPCIÓN FÍSICA
Extensión 48 p.
Otras características físicas il. (col)
Dimensiones 22,5 x 17 cm
650 ## - PUNTO DE ACCESO ADICIONAL DE MATERIA--TÉRMINO DE MATERIA
Subdivisión general arte contemporáneo
-- arte - educación
-- arte - programas artísticos
-- Argentina
9 (RLIN) 7199
Holdings
Estatus retirado Estado de pérdida Fuente del sistema de clasificación o colocación Estado de daño No para préstamo Biblioteca de origen Biblioteca actual Ubicación en estantería Fecha de adquisición Total de préstamos Signatura topográfica completa Visto por última vez Precio de reemplazo Tipo de ítem Koha
    Clasificación Decimal Dewey     Biblioteca LadoV Biblioteca LadoV   03/10/2019   707.1 P964pix 03/10/2019 03/10/2019 Material 01